Most Guessed Country Shapes #1 - Statistics

General Stats
  • This quiz has been taken 90 times
    50 since last reset
  • The average score is 9 of 9
Answer Stats
Picture Hint Answer % Correct
96% Australia
100%
88% Japan
100%
86% Mexico
100%
92% United Kingdom
100%
95% Italy
98%
98% United States
98%
86% China
93%
91% France
93%
93% India
89%
No matching quizzes found
Score Distribution
Percent of People with Each Score
Percentile by Number Answered
Your Score History
You have not taken this quiz since the last reset